000 00522nam a2200181Ia 4500
005 20250326125407.0
008 250326s9999 xx 000 0 und d
037 _aTextbook
040 _aFMSL
_beng
_cFMSL
041 _aeng
_2eng
084 _aX9B L31
_qFMSL
100 _aKlatt L A
_9127116
245 0 _aSmall business management: essentials of entrepreneurship
_cKlatt L A
260 _aCalifornia
_bCalifornia, Wadsworth
_c1973
300 _a313p
942 _cTB
_hX9B L31
999 _c1277854
_d1277854